01214nam a2200253 a 450000100060000000300080000600500170001400800410003103500190007204000240009104100080011508200240012310000170014711000430016424504650020725000120067226000380068430000340072250000190075665000240077570000290079970000420082871000900087043732BD-RjUL20211209053738.0160626s1960 ii a 001 0 eng  a(BD-RjUL)43850 aDLCcCarPdDLCbeng aeng a347.54077bROC 1960 aRow, Sanjiva1 aIndia (Republic)kLaws, statutes, etc.00aSanjiva Row's Court fees and Suits valuation acts (Act VII of 1870 & Act VII 1887) central & states, as amended up to date;bcontaining an exhaustive commentary on both the central acts, together with central and states table of ad valorem fees, states court fees and suits valuation acs, states amendments to central court fees and suits valuation acts, civil courts acts, states rules under the suits valuation acts and other allied legislation.cSanjiva Row a6th ed. aAllahabad :bLaw Book Co.,c1960. aL., 1008 p. :bill. ;c25 cm. aIncludes index 0aCosts (Law)zIndia.1 aRow, T. V. Sanjiva,eed.1 aSastri, L. S.q(L. Subrahmanya),eed.1 aIndia (Republic)kLaws, statutes, etc.tSuits valuation act, 1887. [from old catalog]